000 00726nam a2200241 a 4500
001 46773
003 BD-RjUL
005 20211209054213.0
008 160804s1960 enk 000 0 eng
035 _a(BD-RjUL)46892
040 _aDLC
_cFUB
_dOCL
_dSER
_dUKM
_dEQO
_dBD-RjUL
_beng
041 _aeng
082 0 4 _a340.0954
_223
_bSEC 1960
100 1 _aSetalvad, M. C.
_q(Motilal Chimanlal)
_9142524
245 1 4 _aThe common law in India /
_cby M.C. Setalvad, Padma Vibhufhan
260 _aLondon :
_bStevens,
_c1960.
300 _aviii, 227 p. ;
_c19 cm.
490 1 _aHamlyn lectures,
_v12th ser.
650 0 _aCommon law
_zIndia.
_9142525
830 0 _aHamlyn lectures,
_v12th ser.
_9139163
942 _2ddc
_cBK
999 _c46773
_d46773